Interpretation of the codex bodley, 2858 (Record no. 10745)

MARC details
000 -CABECERA
campo de control de longitud fija 01028nam a2200289 a 4500
001 - NÚMERO DE CONTROL
campo de control BRL_1937
005 - FECHA Y HORA DE LA ÚLTIMA TRANSACCIÓN
campo de control 20190320211437.0
008 - DATOS DE LONGITUD FIJA--INFORMACIÓN GENERAL
campo de control de longitud fija 190815s1960----mx-ah#####---#000-0#eng-#
041 ## - CÓDIGO DE LENGUA
Código de lengua del texto/banda sonora o título independiente eng
044 ## - CÓDIGO DEL PAÍS DE LA ENTIDAD EDITORA/PRODUCTORA
Código MARC del país mx
050 #4 - SIGNATURA TOPOGRÁFICA DE LA BIBLIOTECA DEL CONGRESO
Número de clasificación F1219
Número de documento/Ítem .A37 1960
100 1# - ENTRADA PRINCIPAL--NOMBRE DE PERSONA
Nombre de persona Caso, Alfonso
Fechas asociadas al nombre 1896-1970
9 (RLIN) 18336
245 10 - MENCIÓN DE TÍTULO
Título Interpretation of the codex bodley, 2858
Mención de responsabilidad, etc. Alfonso Caso ; traslated by Ruth Morales and revised by John Paddock.
260 ## - PUBLICACIÓN, DISTRIBUCIÓN, ETC.
Lugar de publicación, distribución, etc. Mexico city
Nombre del editor, distribuidor, etc. Sociedad Mexicana de Antropología
Fecha de publicación, distribución, etc. 1960
300 ## - DESCRIPCIÓN FÍSICA
Extensión 89 p.
Otras características físicas il.
Dimensiones 33 cm.
Material acompañante/anejo + 1 facsimile (23 láms. en forma de biombo : col. ; 28 x 31 cm.)
500 ## - NOTA GENERAL
Nota general Au388
500 ## - NOTA GENERAL
Nota general El material esta encuadernado en una caja (38 x 34 cm.)
504 ## - NOTA DE BIBLIOGRAFÍA, ETC.
Nota de bibliografía, etc. Bibliografía: p. 87
630 04 - PUNTO DE ACCESO ADICIONAL DE MATERIA--TÍTULO UNIFORME
Título uniforme Codex bodley
9 (RLIN) 28271
650 14 - PUNTO DE ACCESO ADICIONAL DE MATERIA--TÉRMINO DE MATERIA
Término de materia o nombre geográfico como elemento de entrada Manuscritos mexicanos
Subdivisión general Facsímiles
9 (RLIN) 5310
650 14 - PUNTO DE ACCESO ADICIONAL DE MATERIA--TÉRMINO DE MATERIA
Término de materia o nombre geográfico como elemento de entrada Mixtecos
Subdivisión de forma Escritura
9 (RLIN) 28272
650 14 - PUNTO DE ACCESO ADICIONAL DE MATERIA--TÉRMINO DE MATERIA
Término de materia o nombre geográfico como elemento de entrada Indígenas de México
Subdivisión general Lenguas - Escritura
9 (RLIN) 28273
700 1# - PUNTO DE ACCESO ADICIONAL--NOMBRE DE PERSONA
Nombre de persona Morales, Ruth
9 (RLIN) 28274
700 1# - PUNTO DE ACCESO ADICIONAL--NOMBRE DE PERSONA
Nombre de persona Paddock, John
9 (RLIN) 26273
902 ## - CATALOGADOR
Iniciales GRL
942 ## - ELEMENTOS DE PUNTO DE ACCESO ADICIONAL (KOHA)
Fuente del sistema de clasificación o colocación Library of Congress Classification
Tipo de ítem Koha Libros
Holdings
Estado de retiro Estado de pérdida Estado dañado No para préstamo Localización permanente Ubicación/localización actual Fecha de adquisición Número de inventario Total de préstamos Signatura topográfica completa Código de barras Fecha visto por última vez Precio válido a partir de Tipo de ítem Koha
El ejemplar forma parte de la colección y puede ser consultado según las políticas vigentes.       Biblioteca Centro de Estudios Ruth D. Lechuga Biblioteca Centro de Estudios Ruth D. Lechuga 19/08/2015 Au388   F1219 .A37 1960 (Au388) GRL02147 22/03/2019 22/03/2019 Libros